000 00359nam a2200133Ia 4500
008 100328s9999 xx 000 0 und d
082 _b22329
100 _aनांगरे बलराम
245 _aदैवरेखा
260 _bपाठक ग.रा.
630 _aदैवरेखा
730 _aदैवरेखा
942 _cBOOK
999 _c516232
_d516229